Reparto de responsabilidades entre hombres y mujeres en el cuidado y la educación de los más pequeños (Record no. 1956)

MARC details
000 -LEADER
campo de control de longitud fija 00952nam a2200289Ia 4500
001 - NÚMERO DE CONTROL
campo de control 000856
008 - DATOS DE LONGITUD FIJA--INFORMACIÓN GENERAL
campo de control de longitud fija 221003s1995 xx 000 0 spa d
035 ## - NÚMERO DE CONTROL DEL SISTEMA
Número de control de sistema CENDO_1957
041 ## - CÓDIGO DE IDIOMA
Código de lengua del texto/banda sonora o título independiente spa
084 ## - OTRO NÚMERO DE CLASIFICACIÓN
Número de clasificación GS-00015-00007
245 #0 - MENCIÓN DEL TÍTULO
Título Reparto de responsabilidades entre hombres y mujeres en el cuidado y la educación de los más pequeños
260 ## - PUBLICACIÓN, DISTRIBUCIÓN, ETC.
Lugar de publicación, distribución, etc. Madrid :
Nombre del editor, distribuidor, etc. Ministerio de Asuntos Sociales, Dirección General del Menor y la Familia,
Fecha de publicación, distribución, etc. 1995
300 ## - DESCRIPCIÓN FÍSICA
Extensión 49 p. ;
Dimensiones 30 cm
490 ## - MENCIÓN DE SERIE
Mención de serie Materiales de trabajo
Signatura topográfica de la Biblioteca del Congreso Infancia y familia ;
Designación de volumen o secuencia 27
650 ## - PUNTO DE ACCESO ADICIONAL DE MATERIA--TÉRMINO DE MATERIA
Término de materia o nombre geográfico como elemento de entrada EDUCACION
9 (RLIN) 431
650 ## - PUNTO DE ACCESO ADICIONAL DE MATERIA--TÉRMINO DE MATERIA
Término de materia o nombre geográfico como elemento de entrada RESPONSABILIDADES FAMILIARES
9 (RLIN) 1836
650 ## - PUNTO DE ACCESO ADICIONAL DE MATERIA--TÉRMINO DE MATERIA
Término de materia o nombre geográfico como elemento de entrada FAMILIA
9 (RLIN) 863
650 ## - PUNTO DE ACCESO ADICIONAL DE MATERIA--TÉRMINO DE MATERIA
Término de materia o nombre geográfico como elemento de entrada INFANCIA
9 (RLIN) 2979
710 ## - ENTRADA AGREGADA--NOMBRE DE ENTIDAD CORPORATIVA
Nombre de entidad corporativa o nombre de jurisdicción como elemento de entrada ESPAÑA
Unidad subordinada Ministerio de Asuntos Sociales
-- Dirección General del Menor y la Familia
9 (RLIN) 2980
901 ## - ELEMENTOS DE DATOS A LOCAL LDA (RLIN)
a 0
903 ## - ELEMENTOS DE DATOS C LOCAL, LDC (RLIN)
a NO
904 ## - ELEMENTOS DE DATOS D LOCAL, LDD (RLIN)
a 000
953 ## -
-- 1996-02-08
-- DOCUMENTO
-- GS-00015-00007
910 ## - DATOS DE OPCIÓN DEL USUARIO (OCLC)
Datos de opción del usuario 1995
942 ## - ELEMENTOS DE ENTRADA SECUNDARIOS (KOHA)
Tipo de ítem Koha Documento
Holdings
Estatus retirado Estado de pérdida Estado de daño No para préstamo Biblioteca de origen Biblioteca actual Fecha de adquisición Total de préstamos Signatura topográfica completa Código de barras Visto por última vez Precio de reemplazo Tipo de ítem Koha
        CENDO CENDO 08/02/1996   GS-00015-00007 CENDO_1957 05/10/2022 05/10/2022 Documento